000 00768nam a2200229Ii 4500
003 JO-AjNU
008 230605s9999||||xx |||||||||||||| ||und||
017 _a1978/3533
040 _aJO-AjNU
_bara
_erda
_cJO-AjNU
041 _aara
050 1 4 _aHQ734 1978
100 3 _aتأليف: ابراهيم، زكريا,
_eauthor
_934523
245 0 0 _aالزواج والاستقرار النفسي
250 _aط2
264 3 1 _aالقاهرة: مكتبة مصر، 1978
300 _a231ص
_bيحتوي ببلوغرافية من ص 228-231ص
336 _atext
_btxt
_2rdacontent
337 _aunmediated
_bn
_2rdamedia
338 _avolume
_bnc
_2rdacarrier
490 0 _aالثقافة السيكولوجية
650 4 _aالزواج -جوانب نفسية
_934524
999 _aA14164
_c17732
_d17732